Chargement en cours...

Spiritual perspectives and human facts tr by Macleod Matheson. /

Détails bibliographiques
Auteur principal: Schuon, Frithjo F.
Langue:Undetermined
Publié: 1969.
Sujets:
LEADER 00427nam a2200133Ia 4500
001 71229
008 170722s9999 xx 000 0 und d
100 |a Schuon, Frithjo F. 
245 |a Spiritual perspectives and human facts tr by Macleod Matheson. / 
260 |c 1969. 
653 |a Theology 
942 |c GEN 
999 |c 79198  |d 79198 
952 |0 0  |1 0  |4 0  |6 Q_3_K9  |7 0  |8 CR  |9 111143  |a LIB  |b LIB  |d 2017-08-12  |h CR  |o Q:3 K9  |p 133537  |r 2017-08-12  |w 2017-08-12  |y GEN